| 000 | 00489nam a22001697a 4500 | ||
|---|---|---|---|
| 999 |
_c41099 _d41099 |
||
| 003 | OSt | ||
| 005 | 20210310110904.0 | ||
| 008 | 210310b ||||| |||| 00| 0 eng d | ||
| 020 | _a9780143424123 | ||
| 040 | _coclc | ||
| 082 |
_a306.08954 _bKAL/I |
||
| 100 |
_92031 _aKalam, A P J Abdul |
||
| 245 |
_aIgnited Minds / _cA P J Abdul Kalam |
||
| 260 |
_aNew Delhi: _bPenguin Books, _c2014. |
||
| 300 | _a189p | ||
| 942 |
_2ddc _cBK _h306.08954 _iKAL/I _k306.08954 _mKAL/I |
||